Cuadernos de educación y alteridad. III, Entre el cuidado y la experiencia /

Bibliographic Details
Other Authors: Jaramillo Ocampo, Diego Armando (Editor), Orrego Noreña, Jhon Fredy (Editor)
Format: Electronic eBook
Language:Spanish
Published: Manizales, Caldas : Centro Editorial Universidad Católica de Manizales, [2020]
Subjects:
Online Access:Digitalia Hispánica

MARC

LEADER 00000nam a2200000Ii 4500
001 DIGUCM0007
003 NyNyDIG
008 231017s2020 ck a ob 000 0 spa d
006 m o d
007 cr |||||||||||
035 |a (OCoLC)1406037465 
040 |a DGITA  |b eng  |e rda  |e pn  |c DGITA 
020 |a 9789585233744  |q eBook 
050 1 4 |a HM1106 ebook 
245 0 0 |a Cuadernos de educación y alteridad.  |n III,  |p Entre el cuidado y la experiencia /  |c comp(s), Diego Armando Jaramillo Ocampo, Jhon Fredy Orrego Noreña. 
246 3 0 |a Entre el cuidado y la experiencia 
264 1 |a Manizales, Caldas :  |b Centro Editorial Universidad Católica de Manizales,  |c [2020] 
300 |a 1 online resource :  |b illustrations. 
336 |a text  |b txt  |2 rdacontent 
337 |a computer  |b c  |2 rdamedia 
338 |a online resource  |b cr  |2 rdacarrier 
347 |a text file  |2 rdaft 
347 |b PDF 
504 |a Includes bibliographical references. 
588 0 |a Online resource; title from PDF title page (Digitalia, viewed October 17, 2023) 
650 0 |a Interpersonal relations. 
650 0 |a Political science  |x Education. 
700 1 |a Jaramillo Ocampo, Diego Armando,  |e editor.  
700 1 |a Orrego Noreña, Jhon Fredy,  |e editor. 
791 2 |a Digitalia (Firm),  |e distributor. 
793 0 |g Digitalia eBook Collection:  |a Universidad Católica de Manizales 
856 4 0 |3 Digitalia Hispánica  |u https://www.digitaliapublishing.com/a/129833/ 
910 |a Premium collection: 2023